[Event "NED-chT 9697"]
[Site "Netherlands"]
[Date "1996.??.??"]
[Round "?"]
[White "Los, Sander"]
[Black "Timmer, Robert"]
[Result "1-0"]
[WhiteElo "2370"]
[BlackElo "2325"]
[PlyCount "34"]
[EventDate "1996.??.??"]
[EventType "team-tourn"]
[EventRounds "11"]
[EventCountry "NED"]
[SourceTitle "EXT 2000"]
[Source "ChessBase"]
[SourceDate "1999.11.16"]
[SourceVersion "1"]
[SourceVersionDate "1999.11.16"]
[SourceQuality "1"]

1. e4 c5 2. Nf3 d6 3. c3 Nf6 4. Bd3 g6 5. Bc2 Bg7 6. 0-0 0-0 7. d4 cxd4 8. cxd4 Bg4 9. Nbd2 Nc6 10. h3 Bh5 11. g4 Nxg4 12. hxg4 Bxg4 13. d5 Ne5 14. Re1 Bh6 15. Re3 Bxe3 16. fxe3 Qc8 17. Bb1 Nxf3+ 1-0

[Event "NED-chT 9697"]
[Site "Netherlands"]
[Date "1996.??.??"]
[Round "?"]
[White "Timmer, Robert"]
[Black "Den Broeder, Guido"]
[Result "1-0"]
[WhiteElo "2325"]
[BlackElo "2290"]
[PlyCount "130"]
[EventDate "1996.??.??"]
[EventType "team-tourn"]
[EventRounds "11"]
[EventCountry "NED"]
[SourceTitle "EXT 2000"]
[Source "ChessBase"]
[SourceDate "1999.11.16"]
[SourceVersion "1"]
[SourceVersionDate "1999.11.16"]
[SourceQuality "1"]

1. Nf3 f5 2. g3 Nf6 3. Bg2 e6 4. 0-0 Be7 5. d3 0-0 6. c4 d5 7. b3 c6 8. Bb2 Qe8 9. Nbd2 Qh5 10. Ne5 Nbd7 11. e4 Qxd1 12. Raxd1 Nxe5 13. Bxe5 Ng4 14. Bc3 dxe4 15. dxe4 Bd7 16. e5 Rfd8 17. h3 Nh6 18. b4 Be8 19. Nb3 Rxd1 20. Rxd1 Rc8 21. Na5 b6 22. Nb7 Nf7 23. Nd6 Rd8 24. c5 bxc5 25. bxc5 Rb8 26. Bf1 Kf8 27. f4 Nd8 28. Bc4 Bh5 29. Rf1 Be8 30. g4 g6 31. gxf5 gxf5 32. Kf2 Bh4+ 33. Ke3 Bh5 34. Rg1 Bg6 35. Bb3 Ke7 36. Bc4 Kd7 37. Rd1 Bh5 38. Rg1 Bg6 39. Ba6 Ke7 40. Nc8+ Ke8 41. Nd6+ Ke7 42. Be2 Nf7 43. Rd1 Nxd6 44. exd6+ Kd7 45. Rd4 Bd8 46. Ra4 a5 47. Bd3 Bh5 48. Ra3 Ra8 49. Rb3 Kc8 50. Bc4 Bf7 51. Rb2 Ra7 52. Rg2 h5 53. Rg7 Kb8 54. Rh7 Rd7 55. Be2 Kc8 56. Bf3 Kb7 57. Bxh5 Be8 58. Rxd7+ Bxd7 59. a4 Ka6 60. Be2+ Kb7 61. Bc4 Kc8 62. Kf3 Bh4 63. Bxa5 Kb7 64. Bc3 Bc8 65. Bd4 Ka7 1-0

[Event "NED-chT 9596"]
[Site "Netherlands"]
[Date "1995.??.??"]
[Round "?"]
[White "Timmer, Robert"]
[Black "Hania, Jan"]
[Result "1-0"]
[WhiteElo "2325"]
[BlackElo "2320"]
[PlyCount "101"]
[EventDate "1995.??.??"]
[EventType "team-tourn"]
[EventRounds "9"]
[EventCountry "NED"]
[SourceTitle "EXT 1999"]
[Source "ChessBase"]
[SourceDate "1998.11.16"]
[SourceVersion "1"]
[SourceVersionDate "1998.11.16"]
[SourceQuality "1"]

1. e4 c6 2. d3 d5 3. Nd2 e5 4. Ngf3 Bd6 5. g3 Nf6 6. Bg2 0-0 7. 0-0 Nbd7 8. Re1 Re8 9. c3 Bf8 10. Qc2 g6 11. Rb1 Bg7 12. b4 Qc7 13. Bb2 a5 14. a3 b6 15. c4 d4 16. Nf1 c5 17. Bc1 Ra7 18. Bd2 axb4 19. axb4 Bb7 20. Nh4 Rea8 21. f4 cxb4 22. Rxb4 Bf8 23. Rb2 Bc6 24. Nf3 Bc5 25. Nxe5 Nxe5 26. fxe5 Ng4 27. e6 fxe6 28. Qd1 Ne5 29. Bf4 Qg7 30. Qd2 Ra3 31. Bxe5 Qxe5 32. Qe2 Rf8 33. Nd2 Ra7 34. Nb3 Bb4 35. Rf1 Rxf1+ 36. Bxf1 Bc3 37. Rb1 Rf7 38. Nd2 b5 39. cxb5 Bxb5 40. Bh3 Bd7 41. Nc4 Qc7 42. Qa2 Kg7 43. Qa6 Bc6 44. Rb6 Bb7 45. Qb5 Be1 46. Bxe6 Re7 47. Rd6 h5 48. Qg5 Bb4 49. Rb6 Bc6 50. Bf5 Be8 51. Bxg6 1-0

[Event "NED-chT 9596"]
[Site "Netherlands"]
[Date "1995.??.??"]
[Round "?"]
[White "Timmer, Robert"]
[Black "Ligterink, Gert"]
[Result "1/2-1/2"]
[WhiteElo "2325"]
[BlackElo "2440"]
[PlyCount "59"]
[EventDate "1995.??.??"]
[EventType "team-tourn"]
[EventRounds "9"]
[EventCountry "NED"]
[SourceTitle "EXT 1999"]
[Source "ChessBase"]
[SourceDate "1998.11.16"]
[SourceVersion "1"]
[SourceVersionDate "1998.11.16"]
[SourceQuality "1"]

1. Nf3 Nf6 2. c4 b6 3. g3 Bb7 4. Bg2 e6 5. 0-0 Be7 6. d4 0-0 7. Nc3 Ne4 8. Nxe4 Bxe4 9. Ne1 d5 10. Qa4 Qd7 11. Qxd7 Nxd7 12. cxd5 exd5 13. Bh3 Nf6 14. Be3 c5 15. dxc5 bxc5 16. Rc1 Rfb8 17. b3 c4 18. bxc4 Ba3 19. Rd1 dxc4 20. Rd4 c3 21. Rc4 Bb2 22. Bd4 Bb7 23. Bxc3 Ba6 24. Ra4 Bxe2 25. Bxf6 Bxf6 26. Bg2 Bb5 27. Rg4 Kf8 28. Bxa8 Rxa8 29. Nf3 Bxf1 30. Kxf1 1/2-1/2

[Event "Badalona op"]
[Site "Badalona"]
[Date "1995.??.??"]
[Round "4"]
[White "Timmer, Robert"]
[Black "Spassov, Liuben"]
[Result "1/2-1/2"]
[WhiteElo "2325"]
[BlackElo "2450"]
[PlyCount "25"]
[EventDate "1995.08.??"]
[EventType "swiss"]
[EventRounds "9"]
[EventCountry "ESP"]
[SourceTitle "CBM 049 Extra"]
[Source "ChessBase"]
[SourceDate "1996.01.01"]
[SourceVersion "1"]
[SourceVersionDate "1996.01.01"]
[SourceQuality "1"]

1. d4 d5 2. Nf3 Nf6 3. Bg5 Nbd7 4. e3 g6 5. c4 dxc4 6. Bxc4 Bg7 7. Nc3 0-0 8. 0-0 c5 9. Qe2 cxd4 10. Nxd4 Qa5 11. Bh4 Ne5 12. Bb3 Bd7 13. Rac1 1/2-1/2

[Event "NED-chT 9495"]
[Site "Netherlands"]
[Date "1994.??.??"]
[Round "1"]
[White "Blees, Albert"]
[Black "Timmer, Robert"]
[Result "1-0"]
[WhiteElo "2420"]
[BlackElo "2300"]
[PlyCount "74"]
[EventDate "1994.??.??"]
[EventType "team-tourn"]
[EventRounds "9"]
[EventCountry "NED"]
[SourceTitle "EXT 1998"]
[Source "ChessBase"]
[SourceDate "1997.11.17"]
[SourceVersion "1"]
[SourceVersionDate "1997.11.17"]
[SourceQuality "1"]

1. e4 Nf6 2. e5 Nd5 3. d4 d6 4. Nf3 Nb6 5. a4 a5 6. Nc3 Bg4 7. h3 Bh5 8. Be2 dxe5 9. Nxe5 Bxe2 10. Qxe2 Qxd4 11. Nb5 Qc5 12. 0-0 Na6 13. Ra3 Nd5 14. Qf3 f6 15. Qh5+ g6 16. Nxg6 hxg6 17. Qxh8 0-0-0 18. Be3 Qxc2 19. Qg8 e5 20. Raa1 Qf5 21. Rfd1 Nab4 22. Rac1 Nd3 23. Rc2 Bc5 24. Rxc5 Rxg8 25. Nd6+ Kb8 26. Nxf5 Nxe3 27. Rxd3 Nxf5 28. Rd7 c6 29. Rxa5 Nd4 30. Rc5 g5 31. Rf7 Rg6 32. b4 Ne6 33. Rc4 Nd4 34. Kf1 g4 35. hxg4 Rh6 36. Ke1 Rh1+ 37. Kd2 Rg1 1-0

[Event "Bern op"]
[Site "Bern"]
[Date "1994.??.??"]
[Round "6"]
[White "Dolmatov, Sergey"]
[Black "Timmer, Robert"]
[Result "1-0"]
[WhiteElo "2610"]
[BlackElo "2300"]
[PlyCount "80"]
[EventDate "1994.02.??"]
[EventType "swiss"]
[EventRounds "9"]
[EventCountry "SUI"]
[SourceTitle "TD"]
[Source "ChessBase"]
[SourceDate "1994.03.01"]
[SourceVersion "1"]
[SourceVersionDate "1994.03.01"]
[SourceQuality "1"]

1. e4 e6 2. d4 d5 3. Nc3 Bb4 4. e5 Qd7 5. a3 Bxc3+ 6. bxc3 b6 7. Qg4 f5 8. Qg3 Ba6 9. Bxa6 Nxa6 10. Ne2 0-0-0 11. h4 Nb8 12. h5 Nc6 13. Kf1 Na5 14. h6 g6 15. Bg5 Re8 16. Qd3 Qa4 17. f3 Nc4 18. Kf2 Nb2 19. Qd2 Nc4 20. Qd1 Ne7 21. Ra2 Nc6 22. Nf4 Nd8 23. Bf6 Rhg8 24. g4 fxg4 25. fxg4 Nf7 26. Kg3 Qa5 27. Qd3 c5 28. g5 cxd4 29. cxd4 Nd2 30. Kg4 Kb7 31. c3 Nc4 32. Rf1 Qb5 33. Kh4 Qb3 34. Raf2 Qxa3 35. Qh3 Qa5 36. Nxe6 Rxe6 37. Be7 Re8 38. Bb4 Qa4 39. Rxf7+ Kc6 40. R1f6 Rxf6 1-0

[Event "NED-chT 9495"]
[Site "Netherlands"]
[Date "1994.??.??"]
[Round "5"]
[White "Ree, Hans"]
[Black "Timmer, Robert"]
[Result "1/2-1/2"]
[WhiteElo "2440"]
[BlackElo "2300"]
[PlyCount "67"]
[EventDate "1994.??.??"]
[EventType "team-tourn"]
[EventRounds "9"]
[EventCountry "NED"]
[SourceTitle "EXT 1998"]
[Source "ChessBase"]
[SourceDate "1997.11.17"]
[SourceVersion "1"]
[SourceVersionDate "1997.11.17"]
[SourceQuality "1"]

1. d4 e6 2. Nd2 c5 3. e3 Nf6 4. Ngf3 b6 5. Bd3 Bb7 6. 0-0 Be7 7. c3 cxd4 8. cxd4 0-0 9. e4 Ba6 10. Bxa6 Nxa6 11. a3 Qc7 12. Qe2 Qb7 13. Re1 Rac8 14. Nf1 Nb8 15. Ng3 Qa6 16. Bg5 Qxe2 17. Rxe2 h6 18. Bxf6 Bxf6 19. d5 Rc4 20. Nh5 Rfc8 21. Nxf6+ gxf6 22. g3 Na6 23. Kg2 Nc5 24. e5 f5 25. Rd1 Ne4 26. Nd4 R8c5 27. dxe6 dxe6 28. f3 Rd5 29. fxe4 Rdxd4 30. Rxd4 Rxd4 31. exf5 exf5 32. Rf2 Re4 33. Rxf5 Re2+ 34. Rf2 1/2-1/2

[Event "NED-chT 9495"]
[Site "Netherlands"]
[Date "1994.??.??"]
[Round "3"]
[White "Timmer, Robert"]
[Black "Peelen, Piet"]
[Result "1-0"]
[WhiteElo "2300"]
[BlackElo "2390"]
[PlyCount "135"]
[EventDate "1994.??.??"]
[EventType "team-tourn"]
[EventRounds "9"]
[EventCountry "NED"]
[SourceTitle "EXT 1998"]
[Source "ChessBase"]
[SourceDate "1997.11.17"]
[SourceVersion "1"]
[SourceVersionDate "1997.11.17"]
[SourceQuality "1"]

1. e4 c6 2. d3 e5 3. Nf3 d6 4. g3 g6 5. Bg2 Bg7 6. 0-0 Nf6 7. Nbd2 0-0 8. Nc4 Qe7 9. a4 Nbd7 10. Re1 Nc5 11. b4 Nxa4 12. Nxd6 b5 13. Nxc8 Rfxc8 14. Bd2 c5 15. Qb1 a6 16. Bh3 Rcb8 17. Qb3 Bf8 18. bxc5 Nxc5 19. Qb2 Nfd7 20. Bb4 Qf6 21. Bxd7 Nxd7 22. Bxf8 Kxf8 23. Kg2 Kg8 24. h4 Rc8 25. h5 Rc6 26. d4 exd4 27. e5 Qe7 28. Nxd4 Rc4 29. e6 Nf8 30. exf7+ Qxf7 31. hxg6 Nxg6 32. Re4 Rf8 33. Rf1 Qd5 34. f3 b4 35. Ne6 Rf7 36. Qb3 Qd2+ 37. Rf2 Qxf2+ 38. Kxf2 Rxe4 39. Ng5 Ree7 40. Nxf7 Rxf7 41. Qxb4 h5 42. Qa5 Kg7 43. Qxh5 Rc7 44. Qf5 a5 45. Ke2 a4 46. Kd2 Ra7 47. Qc5 Ra6 48. Qb5 Ra7 49. Qb6 Rd7+ 50. Kc1 Kh6 51. f4 Rf7 52. Qa5 Ne7 53. Qxa4 Rg7 54. Qe4 Ng8 55. Qh1+ Kg6 56. g4 Nf6 57. Qc6 Kf7 58. g5 Ne8 59. Qd7+ Kf8 60. Qg4 Re7 61. f5 Re1+ 62. Kb2 Nd6 63. Qd4 Ke7 64. Qf6+ Kd7 65. g6 Re8 66. g7 Nc4+ 67. Kc3 Nd6 68. Qe6+ 1-0

[Event "Donner Memorial op"]
[Site "Amsterdam"]
[Date "1994.??.??"]
[Round "8"]
[White "Timmer, Robert"]
[Black "Verweij, Marcel"]
[Result "0-1"]
[WhiteElo "2305"]
[BlackElo "2262"]
[PlyCount "102"]
[EventDate "1994.08.??"]
[EventType "swiss"]
[EventRounds "9"]
[EventCountry "NED"]
[SourceTitle "EXT 2003"]
[Source "ChessBase"]
[SourceDate "2002.11.25"]
[SourceVersion "1"]
[SourceVersionDate "2002.11.25"]
[SourceQuality "1"]

1. Nf3 Nf6 2. g3 g6 3. c4 c5 4. Bg2 Bg7 5. 0-0 0-0 6. Nc3 Nc6 7. d4 cxd4 8. Nxd4 Nxd4 9. Qxd4 d6 10. Qd3 a6 11. e4 Ng4 12. Bd2 Rb8 13. a4 Be6 14. Qe2 Qb6 15. Rfb1 Qb3 16. Nd5 Ne5 17. Bc3 Qxc4 18. Qxc4 Nxc4 19. Nxe7+ Kh8 20. Nd5 Bxd5 21. exd5 Rfe8 22. Bxg7+ Kxg7 23. b3 Nd2 24. Rd1 Nxb3 25. Rab1 Nc5 26. Rb6 Rbd8 27. Kf1 Re7 28. a5 f5 29. Rc1 Kf7 30. Bf3 Ke8 31. g4 Rdd7 32. gxf5 gxf5 33. Rc4 Kd8 34. Rh4 Kc7 35. Rh6 Re5 36. Rb4 Nd3 37. Rc4+ Kb8 38. Rd4 Re1+ 39. Kg2 Rg7+ 40. Kh3 Nxf2+ 41. Kh4 Ne4 42. Bxe4 Rxe4+ 43. Rxe4 fxe4 44. Re6 Rg2 45. Rxd6 Rxh2+ 46. Kg3 Rd2 47. Kf4 Kc7 48. Ke5 e3 49. Rh6 e2 50. Rxh7+ Kb8 51. Rh1 Rd1 0-1

[Event "Haarlem AKN op 03rd"]
[Site "Haarlem"]
[Date "1994.??.??"]
[Round "5"]
[White "Van Mil, Johan"]
[Black "Timmer, Robert"]
[Result "0-1"]
[WhiteElo "2450"]
[BlackElo "2300"]
[PlyCount "60"]
[EventDate "1994.07.??"]
[EventType "swiss"]
[EventRounds "6"]
[EventCountry "NED"]
[SourceTitle "EXT 1999"]
[Source "ChessBase"]
[SourceDate "1998.11.16"]
[SourceVersion "1"]
[SourceVersionDate "1998.11.16"]
[SourceQuality "1"]

1. e4 Nf6 2. e5 Nd5 3. d4 d6 4. Nf3 Nb6 5. Bf4 Bg4 6. h3 Bh5 7. g4 Bg6 8. Nc3 e6 9. Bg2 d5 10. 0-0 a6 11. b3 c5 12. Be3 Qc7 13. Ne2 cxd4 14. Nfxd4 Qxe5 15. Qd2 Qd6 16. f4 h5 17. f5 Bh7 18. fxe6 fxe6 19. Nf4 e5 20. Nxh5 exd4 21. Bxd4 N8d7 22. Rae1+ Kd8 23. c4 Be4 24. Bxe4 dxe4 25. Rxe4 Qc6 26. Qe3 Bc5 27. Nxg7 Rxh3 28. Ne6+ Qxe6 29. Qg5+ Be7 30. Bxb6+ Qxb6+ 0-1

[Event "Leeuwarden op"]
[Site "Leeuwarden"]
[Date "1993.??.??"]
[Round "4"]
[White "Bosboom, Manuel"]
[Black "Timmer, Robert"]
[Result "1-0"]
[WhiteElo "2440"]
[BlackElo "2290"]
[PlyCount "65"]
[EventDate "1993.08.??"]
[EventType "swiss"]
[EventRounds "9"]
[EventCountry "NED"]
[SourceTitle "TD"]
[Source "ChessBase"]
[SourceDate "1994.03.01"]
[SourceVersion "1"]
[SourceVersionDate "1994.03.01"]
[SourceQuality "1"]

1. e4 Nf6 2. e5 Nd5 3. d4 d6 4. Nf3 g6 5. Bc4 Nb6 6. Bb3 Bg7 7. 0-0 0-0 8. exd6 cxd6 9. Bg5 d5 10. Re1 Nc6 11. Nbd2 h6 12. Bh4 g5 13. Bg3 Nxd4 14. Nxd4 Bxd4 15. Qh5 Bg7 16. h4 e6 17. Nf3 f6 18. hxg5 fxg5 19. Rad1 Qe8 20. Qg4 a5 21. Bc7 Qc6 22. Be5 Rf7 23. Bxg7 Rxg7 24. Ne5 Qc7 25. Qh5 a4 26. Ng4 Bd7 27. Rd3 Be8 28. Nf6+ Kf8 29. Qxh6 Bg6 30. Rf3 Bf5 31. Nxd5 Nxd5 32. Bxd5 g4 33. Rxf5+ 1-0

[Event "Bern op"]
[Site "Bern"]
[Date "1993.??.??"]
[Round "4"]
[White "Timmer, Robert"]
[Black "Campora, Daniel Hugo"]
[Result "0-1"]
[WhiteElo "2265"]
[BlackElo "2550"]
[PlyCount "96"]
[EventDate "1993.02.??"]
[EventType "swiss"]
[EventRounds "9"]
[EventCountry "SUI"]
[SourceTitle "TD"]
[Source "ChessBase"]
[SourceDate "1994.03.01"]
[SourceVersion "1"]
[SourceVersionDate "1994.03.01"]
[SourceQuality "1"]

1. d4 d5 2. Nf3 Nf6 3. Bg5 g6 4. Bxf6 exf6 5. e3 c6 6. c4 dxc4 7. Bxc4 Bd6 8. Nc3 Nd7 9. 0-0 0-0 10. Qe2 f5 11. Rfd1 Nf6 12. h3 Qe7 13. Bb3 Bd7 14. a3 Rad8 15. Re1 Ne4 16. Rac1 Rfe8 17. Nd2 Bb8 18. Nf1 Bc8 19. Nxe4 fxe4 20. Rc2 Qh4 21. Rec1 Bf5 22. Qe1 Qg5 23. Ng3 Bd7 24. Rc5 Qe7 25. R5c2 h6 26. Qa5 Be6 27. Bxe6 Qxe6 28. Qb4 Re7 29. Nf1 Kh7 30. Qc4 Rd5 31. Qa4 a6 32. Rc5 Rd8 33. Qc4 Qd6 34. Re5 Kg7 35. Ng3 Rxe5 36. dxe5 Qxe5 37. Qxe4 Qxb2 38. Rb1 Qxa3 39. Rxb7 Bxg3 40. fxg3 Rd1+ 41. Kh2 Qa1 42. g4 Rh1+ 43. Kg3 Qe1+ 44. Kf4 Rf1+ 45. Ke5 Qa5+ 46. Kd6 Qd8+ 47. Kc5 Rc1+ 48. Kb4 Qd2+ 0-1

[Event "Benidorm op"]
[Site "Benidorm"]
[Date "1992.??.??"]
[Round "3"]
[White "Sanchez Almeyra, Jorge"]
[Black "Timmer, Robert"]
[Result "1-0"]
[WhiteElo "2425"]
[BlackElo "2305"]
[PlyCount "61"]
[EventDate "1992.06.??"]
[EventType "swiss"]
[EventRounds "7"]
[EventCountry "ESP"]
[SourceTitle "TD"]
[Source "ChessBase"]
[SourceDate "1994.03.01"]
[SourceVersion "1"]
[SourceVersionDate "1994.03.01"]
[SourceQuality "1"]

1. e4 e6 2. d4 d5 3. Nc3 Nf6 4. Bg5 Be7 5. e5 Ne4 6. Bxe7 Nxc3 7. Bxd8 Nxd1 8. Bxc7 Nxb2 9. Nf3 Nc6 10. c3 b6 11. Rb1 Nc4 12. Bxc4 dxc4 13. Bd6 Bb7 14. Nd2 Nd8 15. f3 Rc8 16. Kf2 f5 17. exf6 gxf6 18. Ne4 f5 19. Nf6+ Kf7 20. Nh5 Nc6 21. Rhe1 Rcd8 22. Bg3 Rd7 23. Re2 Rc8 24. Rbe1 Nd8 25. Bh4 Rc6 26. Nf4 Bc8 27. d5 exd5 28. Re7+ Rxe7 29. Rxe7+ Kf8 30. Rxa7 Nf7 31. Nxd5 1-0

[Event "Biel MTO op"]
[Site "Biel"]
[Date "1990.??.??"]
[Round "1"]
[White "Timmer, Robert"]
[Black "Cvitan, Ognjen"]
[Result "1/2-1/2"]
[WhiteElo "2280"]
[BlackElo "2515"]
[PlyCount "28"]
[EventDate "1990.07.??"]
[EventType "swiss"]
[EventRounds "11"]
[EventCountry "SUI"]
[SourceTitle "EXT 2000"]
[Source "ChessBase"]
[SourceDate "1999.11.16"]
[SourceVersion "1"]
[SourceVersionDate "1999.11.16"]
[SourceQuality "1"]

1. d4 Nf6 2. c4 g6 3. Nc3 Bg7 4. e4 d6 5. Nf3 0-0 6. Be2 e5 7. dxe5 dxe5 8. Qxd8 Rxd8 9. Bg5 Nbd7 10. 0-0-0 Rf8 11. Ne1 Nc5 12. f3 Ne6 13. Be3 c6 14. Nc2 c5 1/2-1/2

[Event "Lugano op"]
[Site "Lugano"]
[Date "1989.03.11"]
[Round "9"]
[White "Danner, Georg"]
[Black "Timmer, Robert"]
[Result "1/2-1/2"]
[WhiteElo "2400"]
[BlackElo "2270"]
[PlyCount "39"]
[EventDate "1989.03.03"]
[EventType "swiss"]
[EventRounds "9"]
[EventCountry "SUI"]
[SourceTitle "TD"]
[Source "ChessBase"]
[SourceDate "1994.03.01"]
[SourceVersion "1"]
[SourceVersionDate "1994.03.01"]
[SourceQuality "1"]

1. d4 e6 2. c4 f5 3. g3 Nf6 4. Bg2 c6 5. Nf3 d5 6. 0-0 Bd6 7. b3 Qe7 8. Bb2 0-0 9. Qc1 b6 10. Ba3 Bxa3 11. Qxa3 Qxa3 12. Nxa3 a5 13. Rfc1 Bb7 14. Ne5 Rc8 15. Nc2 Na6 16. Ne1 c5 17. dxc5 Nxc5 18. N1d3 Rc7 19. cxd5 exd5 20. Nxc5 1/2-1/2